000 00817nam a22002417a 4500
003 0
005 20241015145848.0
008 241015b xxu||||| |||| 00| 0 eng d
020 _a9781266200465
050 _aHD 30.28
_b.St73 2024
245 _aStrategic management :
_cGregory Dess, Gerry McNamara, Alan Eisner, Steve Sauerwald.
_btext & cases /
250 _a11th ed.
260 _aNew York, NY :
_bMcGraw Hill LLC,
_c2024.
300 _axlii, various pagination :
_bcol. ill. ;
_c26 cm.
504 _aIncludes bibliographical references and index.
650 _aStrategic planning.
650 _aStrategic planning
_vCase studies.
700 _aDess, Gregory,
_eauthor.
700 _aMcNamara, Gerry,
_eauthor.
700 _aEisner, Alan
_eauthor.
700 _aSauerwald, Steve,
_eauthor.
942 _2lcc
_cBK
999 _c366558
_d366558